Calibración y ajuste de densímetros oscilatorios para medición de flujo en línea

সংরক্ষণ করুন:
গ্রন্থ-পঞ্জীর বিবরন
প্রধান লেখক: Obando Ureña, Natalia
বিন্যাস: গ্রন্থ
ভাষা:Spanish
প্রকাশিত: San José, Costa Rica 2015
বিষয়গুলি:
ট্যাগগুলো: ট্যাগ যুক্ত করুন
কোনো ট্যাগ নেই, প্রথমজন হিসাবে ট্যাগ করুন!

MARC

LEADER 00000nam a22000007a 4500
003 012202
005 20221231143909.0
008 150722b2015 cr a|||| |||| 00| 0 spa d
040 |c cru CEDI 
090 |a TFG 7367 
100 |9 921  |a Obando Ureña, Natalia 
245 |a Calibración y ajuste de densímetros oscilatorios para medición de flujo en línea 
260 |a San José, Costa Rica  |c 2015 
500 |a Proyecto de graduación (licenciatura en ingeniería química)--Universidad de Costa Rica. Facultad de Ingeniería. Escuela de Ingeniería Química 
650 |x PESO ESPECIFICO - MEDICIONES  |x HIDROMETROS  |x HIDROMETROS - CALIBRACION   |x PRODUCTOS DEL PETROLEO  |x INCERTIDUMBRE  |x PESAS Y MEDIDAS  |9 922 
942 |c TFG 
999 |c 13907  |d 13907